Statistiques concernant La réponse commence par ma

Cliquez ici pour prendre le quiz!

Statistiques générales

  • Ce quiz a été pris 279 fois
  • Le résultat moyen est 8 sur 15

Statistiques - réponses

HintRéponse% Correct
Ile au sud est africain (3 possibles)Madagascar/Maurice/Mayotte
93%
Pachyderme disparuMammouth
77%
Petit gâteau rond à l'amandeMacaron
70%
Chorégraphie connue à travers le mondeMacarena
68%
Art pratiqué par David CoperfieldMagie
64%
Type de pâteMacaroni
60%
Petits dés de légumesMacédoine
56%
Jeu chinois avec des tuiles Mah-jong/Mahjong
50%
Nom de famille de Lucius et NarcissaMalefoy
43%
Groupe ayant pour chanteur Adam LevineMaroon 5
42%
Couvert de tâcheMaculé
35%
Truand
Malfrat
33%
Alcool à la passion Malibu
26%
Il est né sous une mauvaise étoileMalchanceux
25%
Il a réussi mieux que les autresMajor
22%

Distribution des résultats

Percentile par nombre de réponses

% des personnes avec chaque résultat

Votre développement - résultats

Vous n’avez pas pris ce quiz